000 00428nab a2200145Ia 4500
003 ES-SlBCS
005 20210601131742.0
008 140529s1932 xxu||||| |||| 00| 0 fre d
041 _afre
100 1 _aSimon, Henri
_9188564
245 0 0 _aUne page oubliée d'E.-M. de Vogüé
_c Henri Simon
600 1 4 _aVogüé, E. M.
_9188588
773 0 _tVie Intelectuelle (La)
_gvol. 18, nº. 1, 1932, págs. 167-170
_wRev907
942 _cAR
999 _c568201
_d568201